Los derechos humanos : (Record no. 100024)

MARC details
000 -CABECERA
campo de control de longitud fija 00648nam a2200205 a 4500
005 - FECHA Y HORA DE LA ÚLTIMA TRANSACCIÓN
campo de control 20210223125050.0
008 - ELEMENTOS DE LONGITUD FIJA--INFORMACIÓN GENERAL
campo de control de longitud fija 030812s1997 ag r 000 0 spa d
020 ## - NÚMERO INTERNACIONAL NORMALIZADO PARA LIBROS
Número Internacional Estándar del Libro 9508020563
035 ## - NÚMERO DE CONTROL DEL SISTEMA
Número de control de sistema UPN01000127845
049 ## - COLECCIÓN
Colección CG
050 #4 - SIGNATURA TOPOGRÁFICA DE LA BIBLIOTECA DEL CONGRESO
Número de clasificación JC599 A7
Número de documento/Ítem D4.7
245 04 - MENCIÓN DE TÍTULO
Título Los derechos humanos :
Resto del título compromiso ético del trabajo social /
Mención de responsabilidad, etc. Carlos Eroles ... [et al.] ; comp. Carlos Eroles.
260 ## - PUBLICACIÓN, DISTRIBUCIÓN, ETC.
Lugar de publicación, distribución, etc. Buenos Aires :
Nombre del editor, distribuidor, etc. Espacio,
Fecha de publicación, distribución, etc. 1997.
300 ## - DESCRIPCIÓN FÍSICA
Extensión 171 p.
440 #0 - MENCIÓN DE SERIE/ASIENTO SECUNDARIO--TÍTULO
Título Ciencias sociales
650 #4 - ASIENTO SECUNDARIO DE MATERIA - TERMINO TEMATICO
Término de materia o nombre geográfico como elemento de entrada DERECHOS HUMANOS -
Subdivisión geográfica ARGENTINA
9 (RLIN) 14690
650 #4 - ASIENTO SECUNDARIO DE MATERIA - TERMINO TEMATICO
Término de materia o nombre geográfico como elemento de entrada SERVICIO SOCIAL -
Subdivisión geográfica ARGENTINA
9 (RLIN) 7230
700 1# - ASIENTO SECUNDARIO--NOMBRE DE PERSONAL
Nombre de persona Eroles, Carlos,
Término indicativo de función/relación coaut.
905 ## - TIPO DE MATERIAL
Tipo de material Libro
Holdings
Estado de retiro Estado de pérdida Fuente del sistema de clasificación o colocación Estado dañado No para préstamo Código de colección Localización permanente Ubicación/localización actual Ubicación en estantería Total de préstamos Clasificación Código de barras Fecha visto por última vez Número de copia Tipo de ítem Koha
    Library of Congress Classification     Colección General Bib. Gregorio Torres Quintero Bib. Gregorio Torres Quintero Planta baja   JC599 A7 D4.7 207262 31/12/2020 1 Libro